[Event "GER-ch51 V08 email"]
[Site "GER email"]
[Date "2019.04.14"]
[Round "?"]
[White "Tacke, Hubert"]
[Black "Milde, Lars"]
[Result "1/2-1/2"]
[WhiteElo "2061"]
[BlackElo "2340"]
[PlyCount "35"]
[EventDate "2019.??.??"]
[EventType "tourn (corr)"]
[EventRounds "10"]
[EventCountry "GER"]
[SourceTitle "Corr 2022"]
[Source "ChessBase"]
[SourceDate "2021.10.24"]
[SourceVersion "1"]
[SourceVersionDate "2021.10.24"]
[SourceQuality "1"]

1. d4 Nf6 2. c4 e6 3. Nf3 d5 4. Nc3 Be7 5. Bf4 0-0 6. e3 Nbd7 7. Be2 dxc4 8. Bxc4 c5 9. 0-0 cxd4 10. Qxd4 Nb6 11. Bb3 Qxd4 12. Nxd4 Bd7 13. Rfd1 Rfc8 14. e4 a5 15. a4 h5 16. e5 Nfd5 17. Nf5 Bb4 18. Nxd5 1/2-1/2

[Event "GER rap17 FSM/V02 email"]
[Site "GER email"]
[Date "2018.05.25"]
[Round "?"]
[White "Lemke, Burghard"]
[Black "Tacke, Hubert"]
[Result "1/2-1/2"]
[WhiteElo "1924"]
[BlackElo "1982"]
[PlyCount "58"]
[EventDate "2018.06.12"]
[EventType "tourn (corr)"]
[EventRounds "4"]
[EventCountry "GER"]
[SourceTitle "Corr 2020"]
[Source "ChessBase"]
[SourceDate "2019.09.30"]
[SourceVersion "1"]
[SourceVersionDate "2019.09.30"]
[SourceQuality "1"]

1. e4 c5 2. c3 Nf6 3. e5 Nd5 4. Nf3 d6 5. Bc4 dxe5 6. Nxe5 e6 7. d4 Be7 8. dxc5 Bxc5 9. 0-0 Nc6 10. Nxc6 bxc6 11. Qh5 0-0 12. Nd2 Qc7 13. Ne4 Be7 14. Bg5 f6 15. Bd2 e5 16. Rad1 a5 17. Rfe1 a4 18. a3 Be6 19. Bd3 Bf7 20. Qf3 Rfd8 21. Bc2 Bg6 22. c4 Nb6 23. h4 Nxc4 24. Bc3 Rxd1 25. Rxd1 Nd6 26. h5 Bxe4 27. Bxe4 Nxe4 28. Qxe4 h6 29. Qg4 Ra7 1/2-1/2

[Event "GER MS-280 email"]
[Site "GER email"]
[Date "2018.05.24"]
[Round "?"]
[White "Tacke, Hubert"]
[Black "Herzog, Klaus"]
[Result "1-0"]
[WhiteElo "1982"]
[BlackElo "1960"]
[PlyCount "33"]
[EventDate "2018.06.05"]
[EventType "tourn (corr)"]
[EventRounds "6"]
[EventCountry "GER"]
[SourceTitle "Corr 2020"]
[Source "ChessBase"]
[SourceDate "2019.09.30"]
[SourceVersion "1"]
[SourceVersionDate "2019.09.30"]
[SourceQuality "1"]

1. e4 e5 2. Nf3 Nc6 3. Bc4 Bc5 4. d3 Nf6 5. 0-0 h6 6. c3 a6 7. d4 exd4 8. cxd4 Ba7 9. e5 Nh7 10. d5 Ne7 11. d6 Nc6 12. Nc3 cxd6 13. exd6 0-0 14. Qd3 Nb4 15. Qg6 Qf6 16. Qg3 Kh8 17. Bd2 1-0

[Event "GER MS-281 email"]
[Site "GER email"]
[Date "2018.05.24"]
[Round "?"]
[White "Woll, Uwe"]
[Black "Tacke, Hubert"]
[Result "1-0"]
[WhiteElo "2039"]
[BlackElo "1982"]
[PlyCount "77"]
[EventDate "2018.06.12"]
[EventType "tourn (corr)"]
[EventRounds "6"]
[EventCountry "GER"]
[SourceTitle "Corr 2020"]
[Source "ChessBase"]
[SourceDate "2019.09.30"]
[SourceVersion "1"]
[SourceVersionDate "2019.09.30"]
[SourceQuality "1"]

1. c4 e5 2. g3 Nf6 3. Bg2 Bc5 4. Nc3 0-0 5. e3 Nc6 6. Nge2 a6 7. 0-0 d6 8. d4 Ba7 9. b3 Rb8 10. Bb2 Re8 11. Nd5 Bg4 12. Qd2 Nd7 13. dxe5 Ncxe5 14. f4 c6 15. fxe5 cxd5 16. Bxd5 Nf6 17. e6 fxe6 18. Bxf6 gxf6 19. Bg2 d5 20. cxd5 Bxe2 21. Qxe2 exd5 22. Rf3 b5 23. Kh1 Rb6 24. Qd3 Rd6 25. a4 b4 26. Re1 a5 27. Rf5 d4 28. e4 Re5 29. Ref1 Rde6 30. R5f4 Rc6 31. Bh3 Kg7 32. Bf5 Kh8 33. Kg2 Rc3 34. Qa6 Bb6 35. Rh4 Re7 36. Rh6 Rg7 37. e5 Qd5+ 38. Kh3 Qg8 39. Bd3 1-0

[Event "GER rap16 FSM/V01 email"]
[Site "GER email"]
[Date "2018.01.15"]
[Round "?"]
[White "Mehlhorn, Uwe"]
[Black "Tacke, Hubert"]
[Result "1/2-1/2"]
[WhiteElo "2156"]
[BlackElo "1930"]
[PlyCount "42"]
[EventDate "2018.01.20"]
[EventType "tourn (corr)"]
[EventRounds "4"]
[EventCountry "GER"]
[SourceTitle "Corr 2020"]
[Source "ChessBase"]
[SourceDate "2019.09.30"]
[SourceVersion "1"]
[SourceVersionDate "2019.09.30"]
[SourceQuality "1"]

1. Nf3 Nf6 2. c4 b6 3. g3 Bb7 4. Bg2 c5 5. 0-0 g6 6. Nc3 Bg7 7. Re1 0-0 8. e4 Nc6 9. e5 Ne8 10. d4 Nxd4 11. Nxd4 Bxg2 12. Kxg2 cxd4 13. Qxd4 d6 14. Bf4 dxe5 15. Qxd8 Rxd8 16. Bxe5 e6 17. Bxg7 Kxg7 18. Rad1 Nd6 19. b3 g5 20. Kf3 Nf5 21. Ke4 Nd6+ 1/2-1/2

[Event "GER MS-268 email"]
[Site "GER email"]
[Date "2017.08.14"]
[Round "?"]
[White "Tacke, Hubert"]
[Black "Vogel, Paul"]
[Result "1-0"]
[WhiteElo "1950"]
[BlackElo "1798"]
[PlyCount "49"]
[EventDate "2017.08.18"]
[EventType "tourn (corr)"]
[EventRounds "6"]
[EventCountry "GER"]
[SourceTitle "Corr 2020"]
[Source "ChessBase"]
[SourceDate "2019.09.30"]
[SourceVersion "1"]
[SourceVersionDate "2019.09.30"]
[SourceQuality "1"]

1. e4 c5 2. Nf3 d6 3. Bb5+ Nc6 4. 0-0 Bd7 5. Re1 Nf6 6. c3 g6 7. d4 Bg7 8. dxc5 dxc5 9. e5 Ng4 10. Bf4 0-0 11. Na3 a6 12. Bf1 Bf5 13. Qe2 f6 14. Rad1 Qa5 15. exf6 Nxf6 16. Nh4 Bg4 17. f3 Bc8 18. Nc4 Qxa2 19. Qc2 Nd5 20. Be5 Nxe5 21. Nxe5 Rf4 22. Ra1 Qxa1 23. Rxa1 Rxh4 24. Re1 e6 25. g4 1-0

[Event "GER rap14 FSM/V02 email"]
[Site "GER email"]
[Date "2017.03.22"]
[Round "?"]
[White "Klapp, Herwig"]
[Black "Tacke, Hubert"]
[Result "1-0"]
[WhiteElo "2112"]
[BlackElo "1911"]
[PlyCount "103"]
[EventDate "2017.03.27"]
[EventType "tourn (corr)"]
[EventRounds "4"]
[EventCountry "GER"]
[SourceTitle "Corr 2020"]
[Source "ChessBase"]
[SourceDate "2019.09.30"]
[SourceVersion "1"]
[SourceVersionDate "2019.09.30"]
[SourceQuality "1"]

1. e4 c5 2. Nf3 d6 3. d4 cxd4 4. Nxd4 Nf6 5. Nc3 a6 6. Be2 e5 7. Nb3 Be7 8. 0-0 0-0 9. Be3 Be6 10. Qd3 Nbd7 11. Nd5 Bxd5 12. exd5 Ne8 13. c4 Rc8 14. Nd2 f5 15. f3 Bg5 16. b4 Bxe3+ 17. Qxe3 Nef6 18. Rac1 Re8 19. Nb3 b6 20. a4 e4 21. Qg5 exf3 22. Bxf3 Ng4 23. Qxd8 Rexd8 24. Bxg4 fxg4 25. a5 Rf8 26. Rfe1 Rb8 27. Nd4 bxa5 28. Nc6 axb4 29. Nxb8 Rxb8 30. Re6 Rb6 31. c5 dxc5 32. Rxb6 Nxb6 33. Rxc5 Kf8 34. d6 Ke8 35. Rc6 Nd5 36. Rxa6 Kd7 37. Kf2 h5 38. Ke2 b3 39. Ra7+ Kxd6 40. Rb7 Ke5 41. Rxb3 g5 42. Rb5 Kd4 43. Ke1 Ke5 44. Ra5 Kd4 45. Kf1 Ke4 46. Kf2 Kd4 47. Ke1 Ke4 48. Kd2 h4 49. Ke2 Nf4+ 50. Kf1 Nd5 51. Kf2 Ke5 52. Ke2 1-0

[Event "GER HS-217 email"]
[Site "GER email"]
[Date "2016.12.16"]
[Round "?"]
[White "Tacke, Hubert"]
[Black "Ruppelt, Karl Heinz"]
[Result "1-0"]
[WhiteElo "1911"]
[BlackElo "1880"]
[PlyCount "103"]
[EventDate "2016.12.21"]
[EventType "tourn (corr)"]
[EventRounds "6"]
[EventCountry "GER"]
[SourceTitle "Corr 2020"]
[Source "ChessBase"]
[SourceDate "2019.09.30"]
[SourceVersion "1"]
[SourceVersionDate "2019.09.30"]
[SourceQuality "1"]

1. e4 c5 2. Nf3 d6 3. d4 cxd4 4. Nxd4 Nf6 5. Nc3 a6 6. Be3 e6 7. a3 b5 8. g4 Bb7 9. Bg2 Be7 10. g5 Nfd7 11. f4 Nb6 12. h4 Qc7 13. Rh3 Nc4 14. Bc1 Nc6 15. b3 N4a5 16. Bb2 0-0-0 17. Nd5 exd5 18. exd5 Nxd4 19. Bxd4 Rde8 20. Kd2 Kb8 21. Rc3 Qd8 22. Qg1 Ka8 23. Re1 Qb8 24. Rce3 Qc7 25. Bxg7 Rhg8 26. Bf6 Rc8 27. Rc3 Nc4+ 28. Rxc4 bxc4 29. Rxe7 Qa5+ 30. b4 c3+ 31. Bxc3 Qxa3 32. Qd4 Rge8 33. Rxe8 Rxe8 34. Qb6 Re2+ 35. Kxe2 Qxc3 36. Be4 Qc4+ 37. Ke3 Qc3+ 38. Bd3 Qe1+ 39. Kf3 Bxd5+ 40. Kg4 f5+ 41. gxf6 Qe6+ 42. f5 Qxf6 43. Qxa6+ Kb8 44. Qb5+ Bb7 45. Be4 Qg7+ 46. Kf3 Qc3+ 47. Kf4 Qd2+ 48. Kg4 d5 49. Bxd5 Qxd5 50. Qxd5 Bxd5 51. f6 Kc8 52. Kg5 1-0

[Event "GER OS-290 email"]
[Site "GER email"]
[Date "2016.03.24"]
[Round "?"]
[White "Schmid, Anton Eugen"]
[Black "Tacke, Hubert"]
[Result "0-1"]
[WhiteElo "1140"]
[BlackElo "1830"]
[PlyCount "48"]
[EventDate "2016.04.01"]
[EventType "tourn (corr)"]
[EventRounds "6"]
[EventCountry "GER"]
[SourceTitle "Corr 2020"]
[Source "ChessBase"]
[SourceDate "2019.09.30"]
[SourceVersion "1"]
[SourceVersionDate "2019.09.30"]
[SourceQuality "1"]

1. d4 Nf6 2. c4 e6 3. Nc3 Bb4 4. a3 Bxc3+ 5. bxc3 0-0 6. Nf3 d6 7. Bg5 Nbd7 8. e3 c5 9. d5 Qa5 10. Qc2 exd5 11. Bxf6 Nxf6 12. Bd3 dxc4 13. Bxc4 d5 14. Be2 Bf5 15. Qb2 Qb6 16. Qxb6 axb6 17. 0-0 Ra5 18. h3 Rfa8 19. c4 dxc4 20. Bxc4 b5 21. Be2 b4 22. axb4 Rxa1 23. Rxa1 Rxa1+ 24. Bf1 cxb4 0-1

[Event "GER OS-275 email"]
[Site "GER email"]
[Date "2015.08.28"]
[Round "?"]
[White "Radtke, Benjamin"]
[Black "Tacke, Hubert"]
[Result "1/2-1/2"]
[WhiteElo "1711"]
[BlackElo "1829"]
[PlyCount "142"]
[EventDate "2015.09.05"]
[EventType "tourn (corr)"]
[EventRounds "6"]
[EventCountry "GER"]
[SourceTitle "Corr 2020"]
[Source "ChessBase"]
[SourceDate "2019.09.30"]
[SourceVersion "1"]
[SourceVersionDate "2019.09.30"]
[SourceQuality "1"]

1. Nf3 d5 2. d4 Nf6 3. c4 e6 4. Bg5 Be7 5. Nc3 0-0 6. e3 h6 7. Bh4 b6 8. Bd3 Bb7 9. 0-0 Nbd7 10. cxd5 Nxd5 11. Nxd5 Bxd5 12. Bg3 c5 13. Rc1 Nf6 14. Be5 Bd6 15. Bb1 Rc8 16. Bxf6 gxf6 17. e4 Bb7 18. Qd2 Kg7 19. d5 Qe7 20. Rcd1 Rcd8 21. Rfe1 Rg8 22. Qd3 Bc7 23. Bc2 a6 24. g3 b5 25. b3 Ba5 26. Re3 Bb6 27. d6 Qd7 28. Qe2 Qc6 29. e5 f5 30. a3 Kf8 31. Qd2 Rg4 32. Kf1 Kg7 33. Rde1 c4 34. Rc3 a5 35. b4 axb4 36. axb4 Ra8 37. h3 Rg6 38. Rd1 Ra2 39. Qc1 Qc8 40. Nh4 Qa8 41. Qf4 Rg5 42. d7 Rh5 43. Bb1 Rb2 44. Bc2 Bd5 45. Qd2 Be4 46. Kg1 Qd8 47. Qc1 Rxc2 48. Rxc2 f4 49. Kh2 fxg3+ 50. fxg3 Bxc2 51. Qxc2 Rxe5 52. Ng2 Rd5 53. Rxd5 exd5 54. Qf5 Qg5 55. Qxg5+ hxg5 56. Ne3 d4 57. Nf5+ Kf8 58. Nxd4 c3 59. Kg2 Ke7 60. Nc2 Kxd7 61. Kf3 f5 62. Ke2 f4 63. gxf4 gxf4 64. Kf3 Bc7 65. Ke4 Be5 66. Na3 Bd6 67. Nc2 Ke7 68. Kd3 Be5 69. Na3 f3 70. Ke3 Bd6 71. Kxf3 Bxb4 1/2-1/2

[Event "GER OS-274 email"]
[Site "GER email"]
[Date "2015.08.20"]
[Round "?"]
[White "Nitschke, Norbert"]
[Black "Tacke, Hubert"]
[Result "0-1"]
[WhiteElo "1751"]
[BlackElo "1864"]
[PlyCount "104"]
[EventDate "2015.08.26"]
[EventType "tourn (corr)"]
[EventRounds "6"]
[EventCountry "GER"]
[SourceTitle "Corr 2020"]
[Source "ChessBase"]
[SourceDate "2019.09.30"]
[SourceVersion "1"]
[SourceVersionDate "2019.09.30"]
[SourceQuality "1"]

1. e4 e6 2. Nc3 d5 3. d4 Bb4 4. e5 c5 5. Nf3 Ne7 6. a3 Ba5 7. dxc5 Bxc3+ 8. bxc3 Nd7 9. Bb5 0-0 10. Bxd7 Bxd7 11. 0-0 Qc7 12. Be3 Nf5 13. Bd4 b6 14. cxb6 axb6 15. Qd3 h6 16. Rfb1 b5 17. Rb3 Rfc8 18. Rc1 Ra4 19. g4 Ne7 20. Kg2 Be8 21. Ra1 Nc6 22. Qe3 Na5 23. g5 Nc4 24. Qf4 h5 25. Nd2 Rca8 26. Nxc4 dxc4 27. Rbb1 Rxa3 28. Rxa3 Rxa3 29. Kg3 Bc6 30. Qd2 Qb7 31. Qe2 Qd7 32. Rd1 b4 33. Kf4 Bd5 34. Qxh5 g6 35. Qe2 Qc6 36. h4 b3 37. cxb3 cxb3 38. h5 Ra2 39. Qd3 Qc4 40. Ke3 gxh5 41. g6 Qxd3+ 42. Kxd3 h4 43. c4 Bf3 44. Rb1 h3 45. gxf7+ Kxf7 46. Ke3 Bg2 47. Rxb3 h2 48. Rb1 Ra3+ 49. Kd2 h1Q 50. Rxh1 Bxh1 51. Bc5 Rh3 52. Bb4 Kg6 0-1

[Event "GER OS-274 email"]
[Site "GER email"]
[Date "2015.08.20"]
[Round "?"]
[White "Schatz, Dieter"]
[Black "Tacke, Hubert"]
[Result "0-1"]
[WhiteElo "1798"]
[BlackElo "1864"]
[PlyCount "112"]
[EventDate "2015.08.26"]
[EventType "tourn (corr)"]
[EventRounds "6"]
[EventCountry "GER"]
[SourceTitle "Corr 2020"]
[Source "ChessBase"]
[SourceDate "2019.09.30"]
[SourceVersion "1"]
[SourceVersionDate "2019.09.30"]
[SourceQuality "1"]

1. e4 e6 2. d3 d5 3. Nd2 c5 4. Ngf3 Nc6 5. g3 Nf6 6. Bg2 dxe4 7. dxe4 e5 8. 0-0 Qc7 9. c3 Be7 10. h3 0-0 11. Nh4 Rd8 12. Qe2 Be6 13. Nf5 Bf8 14. Nc4 h6 15. g4 b5 16. Nce3 g6 17. Ng3 c4 18. h4 Rd7 19. a4 b4 20. g5 hxg5 21. hxg5 Nh7 22. Nd5 Qd8 23. Be3 Rc8 24. Rfd1 Nxg5 25. Qxc4 bxc3 26. bxc3 Nh3+ 27. Bxh3 Bxh3 28. Qa6 Bg4 29. Rd2 Rd6 30. Bc5 Nb4 31. Qb5 Rxd5 32. exd5 Bxc5 33. cxb4 Bd4 34. Re1 Bf3 35. Rd3 Qf6 36. Rxd4 exd4 37. Qd7 Rd8 38. Re8+ Rxe8 39. Qxe8+ Kg7 40. Qb5 Qe5 41. Qf1 Bxd5 42. b5 Qf4 43. Qd3 Qc1+ 44. Nf1 Qc3 45. Qg3 Qxg3+ 46. fxg3 Kf8 47. Kf2 Ke7 48. Nd2 Kd6 49. Ke2 Kc5 50. Kd3 f5 51. a5 Be4+ 52. Nxe4+ fxe4+ 53. Kxe4 Kxb5 54. Kxd4 Kxa5 55. Kc5 g5 56. g4 a6 0-1

[Event "GER-ch 2014-E-V8 serv"]
[Site "GER email"]
[Date "2014.12.08"]
[Round "?"]
[White "Packroff, Hermann"]
[Black "Tacke, Hubert"]
[Result "1-0"]
[WhiteElo "2077"]
[BlackElo "1851"]
[PlyCount "65"]
[EventDate "2014.12.22"]
[EventType "tourn (corr)"]
[EventRounds "6"]
[EventCountry "GER"]
[SourceTitle "Corr 2020"]
[Source "ChessBase"]
[SourceDate "2019.09.30"]
[SourceVersion "1"]
[SourceVersionDate "2019.09.30"]
[SourceQuality "1"]

1. e4 e5 2. Nf3 Nf6 3. Nxe5 d6 4. Nf3 Nxe4 5. Nc3 Nxc3 6. dxc3 Be7 7. Be3 0-0 8. Qd2 Nd7 9. 0-0-0 c6 10. Bd3 Qa5 11. Kb1 Ne5 12. Nxe5 dxe5 13. Qe2 Be6 14. c4 Bc5 15. Bd2 Qb6 16. Bc3 Bd4 17. Bxd4 exd4 18. Qh5 f5 19. Rde1 Rf6 20. Re5 c5 21. Rhe1 Qc6 22. Bxf5 Bxf5 23. Rxf5 Rxf5 24. Qxf5 Rf8 25. Qd5+ Qxd5 26. cxd5 Rf6 27. f3 Kf7 28. Kc1 Rg6 29. g4 Rf6 30. Re4 h5 31. h3 b5 32. f4 Rd6 33. Re5 1-0

[Event "GER-ch 2014-E-V8 serv"]
[Site "GER email"]
[Date "2014.12.08"]
[Round "?"]
[White "Tacke, Hubert"]
[Black "Warzecha, Helmut"]
[Result "1/2-1/2"]
[WhiteElo "1851"]
[BlackElo "2069"]
[PlyCount "40"]
[EventDate "2014.12.22"]
[EventType "tourn (corr)"]
[EventRounds "6"]
[EventCountry "GER"]
[SourceTitle "Corr 2020"]
[Source "ChessBase"]
[SourceDate "2019.09.30"]
[SourceVersion "1"]
[SourceVersionDate "2019.09.30"]
[SourceQuality "1"]

1. c4 c5 2. Nc3 Nf6 3. Nf3 d5 4. cxd5 Nxd5 5. e4 Nb4 6. Bc4 Nd3+ 7. Ke2 Nf4+ 8. Kf1 Ne6 9. b4 cxb4 10. Nd5 g6 11. Bb2 Bg7 12. Bxg7 Nxg7 13. Qa4+ Nc6 14. Nxb4 Bd7 15. Nxc6 Bxc6 16. Bb5 0-0 17. g3 Qd7 18. Bxc6 Qh3+ 19. Ke2 bxc6 20. Rhc1 Ne6 1/2-1/2

[Event "GER-ch 2014-E-V8 serv"]
[Site "GER email"]
[Date "2014.12.08"]
[Round "?"]
[White "Tacke, Hubert"]
[Black "Wilshusen, Horst"]
[Result "1-0"]
[WhiteElo "1851"]
[BlackElo "1458"]
[PlyCount "67"]
[EventDate "2014.12.22"]
[EventType "tourn (corr)"]
[EventRounds "6"]
[EventCountry "GER"]
[SourceTitle "Corr 2020"]
[Source "ChessBase"]
[SourceDate "2019.09.30"]
[SourceVersion "1"]
[SourceVersionDate "2019.09.30"]
[SourceQuality "1"]

1. c4 b6 2. d4 Bb7 3. Nc3 Nf6 4. Nf3 e6 5. g3 Bb4 6. Bg2 0-0 7. Qc2 Be4 8. Qb3 Nc6 9. 0-0 Bxc3 10. Qxc3 h6 11. Ne5 Bxg2 12. Kxg2 Ne7 13. f3 d6 14. Nd3 Nd7 15. b4 a5 16. b5 Ng6 17. c5 d5 18. h4 h5 19. c6 Nf6 20. Ne5 Nxe5 21. dxe5 Nh7 22. Ba3 Re8 23. Rad1 f6 24. e4 fxe5 25. Qxe5 Nf6 26. Rfe1 Qc8 27. exd5 exd5 28. Be7 a4 29. Qg5 Kf7 30. a3 Rxe7 31. Rxe7+ Kxe7 32. Qxg7+ Kd6 33. Qxf6+ Qe6 34. Qf4+ 1-0